Vista normal
Vista MARC
- Olmos Juárez, Lourdes
Entrada Personal Name
Número de registros utilizados en: 1
001 - CONTROL NUMBER
- control field: 53624
003 - CONTROL NUMBER IDENTIFIER
- control field: OSt
005 - DATE AND TIME OF LATEST TRANSACTION
- control field: 20190523185930.0
008 - FIXED-LENGTH DATA ELEMENTS
- fixed length control field: 190523|| aca||aabn | a|a d
040 ## - CATALOGING SOURCE
- Original cataloging agency: OSt
- Transcribing agency: OSt
100 ## - HEADING--PERSONAL NAME
- Personal name: Olmos Juárez, Lourdes
670 ## - SOURCE DATA FOUND
- Source citation: Work cat.: (OSt): Olmos Juárez, Lourdes , Estructura del mercado turístico